Les 50... Cyclistes - Statistiques

Statistiques générales
  • Ce quiz a été pris 111 fois
    98 depuis la dernière actualisation
  • Le résultat moyen est 32 sur 50
Statistiques - réponses
Par images Réponse % Correct
Julian Alaphilippe
95%
Tadej Pogacar
92%
Christopher Froome
91%
Alberto Contador
90%
Thibaut Pinot
90%
Jonas Vingegaard
89%
Nairo Quintana
89%
Peter Sagan
89%
Romain Bardet
89%
Eddy Merckx
88%
Wout Van Aert
88%
Mathieu Van Der Poel
86%
Laurent Jalabert
85%
Raymond Poulidor
85%
Thomas Voeckler
85%
Mark Cavendish
83%
Bernard Hinault
82%
Marco Pantani
82%
Remco Evenepoel
80%
Laurent Fignon
77%
Richard Virenque
76%
Andy Schleck
75%
Bradley Wiggins
74%
Cadel Evans
73%
Sylvain Chavanel
70%
Vincenzo Nibali
70%
Warren Barguil
69%
Alexandre Vinokourov
68%
Miguel Indurain
68%
Jacques Anquetil
67%
Tom Dumoulin
67%
Rafal Majka
63%
Bernard Thevenet
58%
Fabian Cancellara
55%
Tom Boonen
53%
Greg lemond
51%
Fausto Coppi
50%
Jan Ullrich
48%
Louison Bobet
47%
Erik Zabel
36%
Frédérico Bahamontes
33%
Ivan Basso
32%
Carlos Sastre
31%
Mario Cipollini
28%
Michael Rasmussen
24%
Denis Menchov
22%
Paolo Bettini
19%
Joseba Beloki
14%
Jan Janssen
13%
Charly Mottet
9%
Aucun quiz correspondant
Distribution des résultats
% des personnes avec chaque résultat
Percentile par nombre de réponses
Votre historique - résultats
Vous n’avez pas pris ce quiz depuis la dernière actualisation